00480 2200169 4500001002100000008004100021035002000062245005800082100002900140260003200169300001200201020001800213084001700231082000800248650003600256990001800292INLIS000000000000985 ind  a0010-0724000985 aMatematika Dalam LingkungancSue Thomson; Ian Forster aSue Thomson; Ian Forster aKlatenbCempaka Putihc2010 a56 hlm. a979-662-444-7 a501.03 SUE e a501 aEnsiklopedia Matematika Terapan aP29/CP/24/985